Quiz sur le Rugby - Statistiques

Statistiques générales
  • Ce quiz a été pris 107 fois
  • Le résultat moyen est 6 sur 6
Statistiques - réponses
Question Réponse % Correct
Combien de temps dure un match de rugby à XV ? 2 x 40 mins
100%
Le passes à la main se font en arrière
100%
Qui a inventé le rugby ? William Webb Ellis
100%
Quels sont les commandements de la mêlée ? Flexion, liez, placement.
92%
Qu'est-ce qu'un drop ? Un coup de pied après un rebond
92%
Quand un joueur a le pied sur la ligne de touche, mais que le ballon est dans le terrain, que se passe-t-il ? Touche
77%
Aucun quiz correspondant
Distribution des résultats
% des personnes avec chaque résultat
Percentile par nombre de réponses
Votre historique - résultats
Vous n’avez pas pris ce quiz